000 00593nam a2200229Ia 4500
003 OSt
005 20221005130757.0
006 a|||||r|||| 00| 0
007 ta
008 221004b |||||||| |||| 00| 0 kan d
024 _a45701
037 _cTextual
040 _aCRL
_cCRL
_bkan
041 _2kan
_akan
082 _aO33,6N043x, L5
100 _aShastri Srikantha Au.
_9638647
245 0 _aSamshodhana lekhanagalu
260 _c1975
650 _aKANNAD LITERATURE
942 _hO33,6N043x, L5
_cTEXL
_2cc
999 _c1058384
_d1058384